000 00494nam a2200181Ia 4500
003 GCL
008 140319s9999 xx 000 0 ara d
040 _aGCL /
_cGCL
082 0 4 _a301.01
_bع ا
245 1 0 _aابن خلدون ومكيافيللى
260 _a[S.N] :
_bدار الساقى ،
_c1990
300 _a63 ص
490 _aبحوث اجتماعية
_v0
650 0 4 _aالماكيافيلية
650 0 4 _aابن خلدون
650 0 4 _aميكافيللى
942 _2ddc
_cBK
999 _c28101
_d28101